Analýza spotreby tepla v hlavnom objekte Strojníckej fakulty STU v Bratislave

Salvato in:
Dettagli Bibliografici
Autore principale: Dúbravka, Martin (Autore)
Altri autori: Urban, František (Relatore della tesi)
Natura: Manoscritto Libro
Lingua:slovacco
Pubblicazione: 2019
Soggetti:
Accesso online:http://is.stuba.sk/zp/portal_zp.pl?podrobnosti=151046
Tags: Aggiungi Tag
Nessun Tag, puoi essere il primo ad aggiungerne!!

MARC

LEADER 00000ntm a22000003a 4500
001 stuzp73703
003 SK-STU
005 20190608212236.4
007 ta
008 150427s2015----xo-----f-mn---000-0-slo-d
040 |a STU  |b slo 
041 0 |a slo 
100 1 |a Dúbravka, Martin  |u 020060  |k Z4  |4 aut  |U SjF Strojnícka fakulta  |T SjF Ústav energetických strojov a zariadení  |X 70647  |U J0060  |Y 805  |7 70647 
242 0 1 |a Heat consumption analysis in the main building of the Faculty of Mechanical Engineering of the Slovak Technical University in Bratislava  |y eng 
245 1 0 |a Analýza spotreby tepla v hlavnom objekte Strojníckej fakulty STU v Bratislave 
260 |c 2019 
650 4 |a spotreba tepla  |2 slo 
650 4 |a teplá voda  |2 slo 
650 4 |a merné teplo  |2 slo 
650 4 |a dennostupeň  |2 slo 
650 4 |a vykurovanie  |2 slo 
650 4 |a náklady na teplo  |2 slo 
650 4 |a daydegree  |2 eng 
650 4 |a heating  |2 eng 
650 4 |a heating costs  |2 eng 
650 4 |a heat consumption  |2 eng 
650 4 |a hot water  |2 eng 
650 4 |a specific heat  |2 eng 
700 1 |a Urban, František  |u 020060  |k Z1  |4 ths  |U SjF Strojnícka fakulta  |T SjF Ústav energetických strojov a zariadení  |X 2435  |U J0060  |Y 805  |7 A000002435 
856 4 |u http://is.stuba.sk/zp/portal_zp.pl?podrobnosti=151046 
996 |b 284J046055  |c J* 3165/DDP  |l JJSK  |s A  |a 24  |w stuzp73703_0001